| 000 | 00598nam a2200253Ia 4500 | ||
|---|---|---|---|
| 008 | 181129s9999 xx 000 0 und d | ||
| 020 | _a9780545598125 | ||
| 050 | _bC626 2013 | ||
| 100 | _aClements, Andrew | ||
| 245 | 4 | _aThe last holiday concert / | |
| 245 | 0 | _cby Andrew Clements. | |
| 260 | _aNew York, NY : | ||
| 260 | _bScholastic, | ||
| 260 | _c2013 | ||
| 300 | _a166 pages : | ||
| 300 | _billustrations ; | ||
| 300 | _c19cm. | ||
| 650 | _aConcerts. | ||
| 650 | _aCooperativeness. | ||
| 650 | _aLeadership. | ||
| 650 | _aMusic. | ||
| 650 | _aSchools. | ||
| 700 | _aTitle. | ||
| 999 |
_c360300 _d360300 |
||